| 000 | 01729nam a2200373 a 4500 | ||
|---|---|---|---|
| 001 | BRCA_3208 | ||
| 005 | 20190320204150.0 | ||
| 008 | 260209s1749----enka---###---#000-0#eng-# | ||
| 041 | _aeng | ||
| 044 | _aenk | ||
| 084 |
_a509 _b.T66 _c1749 |
||
| 100 | 1 |
_aCervantes Saavedra, Miguel de _d1547-1616 _9213 |
|
| 245 | 1 | 0 |
_aThe Life and Exploits of the Ingenious Gentleman Don Quixote de la Mancha _cTranslated from the Original Spanish of Miguel Cervantes de Saavedra by Charles Jarvis. |
| 250 | _a2 | ||
| 260 |
_aLondres _bJ. and R. Tonson and S. Draper _c1749 |
||
| 300 |
_a2 v. _bil. _c21 cm. |
||
| 500 | _aContenido : v. 1. Primera parte. Prefacio del traductor. Vida de Cervantes basada en la escrita por Mayáns. Prólogo del autor. -- v.2 Segunda parte. Prólogo de Cervantes | ||
| 500 | _aEdición : The whole Carefully Revised and Corrected, Illustrated by Vanderbank | ||
| 500 | _aEjemplar por completo igual al anterior [508]. Piel; lomos y planos adornados con dorados Lúdovik Osterc | ||
| 500 | _aEstado físico : Encuadernación maltratada (los dos volúmenes) | ||
| 500 | _aCon ex-libris de : Marquess of Headfort | ||
| 500 | _aQM402 | ||
| 546 | _aTexto en : inglés | ||
| 650 | 1 | 4 |
_aNovela española _yÉpoca clásica, 1500-1700 _9215 |
| 650 | 1 | 4 |
_aLiteratura española _yÉpoca clásica, 1500-1700 _9216 |
| 650 | 1 | 4 |
_aNovela española _ySiglo XVII _9217 |
| 650 | 1 | 4 |
_aDon Quijote (Personaje ficticio) _eNovela _9218 |
| 700 | 1 |
_aJarvis, Charles _d?-1739 _eTraductor _98591 |
|
| 700 | 1 |
_aVanderbank, John _d1694-1739 _eIlustrador _98592 |
|
| 700 | 1 |
_aMayáns I. Siscar, Gregorio _d1699-1781 _eBiógrafo _98593 |
|
| 740 | 0 | _aEl Ingenioso Hidalgo Don Quijote de la Mancha | |
| 902 | _aQFM | ||
| 942 |
_2lcc _cB |
||
| 999 |
_c2944 _d2944 |
||